| Tag |
First Indicator |
Second Indicator |
Subfields |
| LEADER |
00000cam a2200000Ia 4500 |
| 001 |
in00002451621 |
| 005 |
20151110091418.0 |
| 008 |
090406s1979 txua 000 0 eng d |
| 035 |
|
|
|a (OCoLC)ocn317877644
|
| 035 |
|
|
|a (OCoLC)317877644
|
| 040 |
|
|
|a TXA
|c TXA
|d UtOrBLW
|
| 043 |
|
|
|a n-us---
|a a-nw---
|a f-ua---
|
| 049 |
|
|
|a TXAM
|
| 090 |
|
|
|a D790
|b .F647 1979
|
| 100 |
1 |
|
|a Frazier, Everette E.
|
| 245 |
1 |
0 |
|a C-47 Skytrain :
|b "Gooney birds" /
|c [Everette E. Frazier ; illustrated by Elsie (Juenger) Frazier].
|
| 250 |
|
|
|a 1st ed.
|
| 264 |
|
1 |
|a [San Antonio, Tex.] :
|b [publisher not identified],
|c [1979]
|
| 264 |
|
4 |
|c [©1979]
|
| 336 |
|
|
|a text
|b txt
|2 rdacontent
|
| 337 |
|
|
|a unmediated
|b n
|2 rdamedia
|
| 338 |
|
|
|a volume
|b nc
|2 rdacarrier
|
| 500 |
|
|
|a Cover title.
|
| 650 |
|
0 |
|a World War, 1939-1945
|x Aerial operations, American.
|
| 650 |
|
0 |
|a World War, 1939-1945
|v Personal narratives, American.
|
| 650 |
|
0 |
|a World War, 1939-1945
|x Campaigns
|z New Guinea.
|
| 650 |
|
0 |
|a World War, 1939-1945
|x Campaigns
|z Egypt.
|
| 650 |
|
0 |
|a Douglas DC-3 (Transport plane)
|
| 700 |
1 |
|
|a Frazier, Elsie Juenger.
|
| 994 |
|
|
|a C0
|b TXA
|
| 948 |
|
|
|a cataloged
|b h
|c 2009/4/6
|d o
|e nbehmer
|f 10:54:19 am
|
| 999 |
|
|
|a MARS
|
| 999 |
f |
f |
|s f9a71592-674c-349f-b2af-8cb445473764
|i 2afe012d-00ff-30d3-a93f-171d9d16f926
|t 0
|
| 952 |
f |
f |
|p noncirc
|a Texas A&M University
|b College Station
|c Cushing Memorial Library & Archives
|d Cushing: Ragan Military (Does not check out)
|t 0
|e D790 .F647 1979
|h Library of Congress classification
|i unmediated -- volume
|m A14852658112
|
| 998 |
f |
f |
|a D790 .F647 1979
|t 0
|l Cushing: Ragan Military (Does not check out)
|